000 00435nam a2200181Ia 4500
001 17662
005 20260306171534.0
008 260306s9999||||xx |||||||||||||| ||und||
041 _aESP
082 _a658.15
_bB45F
100 _aBerk, Jonathan
_eAUT
245 0 _aFundamentos de finanzas corporativas
260 _c2010
300 _axxx, 801 páginas :
_c25 cm.
650 _aGEN
654 _aCAN
942 _cLIB
_dJUS
_fJUS
_2ddc
_n
999 _c17662
_d17662